[Event "EU-ch 2nd"]
[Site "Ohrid"]
[Date "2001.06.13"]
[Round "12"]
[White "Ponomariov, Ruslan"]
[Black "Milov, Vadim"]
[Result "1-0"]
[WhiteElo "2673"]
[BlackElo "2605"]
[Annotator "Gofshtein,L"]
[PlyCount "55"]
[EventDate "2001.06.01"]
[EventType "swiss"]
[EventRounds "13"]
[EventCountry "YUG"]
[SourceTitle "CBM 084"]
[Source "ChessBase"]
[SourceDate "2001.09.13"]
[SourceVersion "1"]
[SourceVersionDate "2001.09.13"]
[SourceQuality "1"]

1. e4 {Ftacnik} c5 2. Nf3 Nc6 3. d4 cxd4 4. Nxd4 Nf6 5. Nc3 d6 6. Bg5 Bd7 7.
Qd2 Rc8 8. f4 h6 9. Bxf6 gxf6 10. O-O-O Nxd4 11. Qxd4 Qa5 12. Kb1 Qc5 13. Qd3 (
{The mainline is} 13. Qd2 Bg7 (13... e6 14. Bd3 h5 15. Rhf1 a6 16. Qe1 Rg8 17.
e5 $5 $13 {1-0 Santo Roman,M-Ubilava,E/Maspalomas 2000/EXT 2001 (28)}) 14. f5
h5 15. Be2 Bh6 16. Qd5 Qxd5 17. Nxd5 h4 18. Rd3 {-see commented game 0-1
Herrera,I-Franco Ocampos,Z/Havana 1998/CBM 65 [Gofshtein,L](39)}) (13. Qxc5
Rxc5 14. Bd3 e6 15. Rhe1 Be7 16. Re3 a6 17. a3 h5 18. Rh3 h4 19. g3 Rch5 20. g4
Rc5 21. Ne2 Bd8 22. Ng1 Rc8 23. Nf3 $14 {[%csl Rh4] 1/2-1/2 Andersson,
F-Vaisanen,A/Stockholm 1996/CBM 57 ext (32)}) 13... Bg7 (13... e6 14. e5 $5 (
14. Be2 Rg8 15. e5 $1 {-see commented game 1-0 Renet,O-Scarella,E/ Buenos
Aires 1994/CBM 42 [Boensch,U](35)}) 14... fxe5 (14... Bc6 15. exf6 (15. exd6 $6
Rd8 16. Ne4 (16. Nb5 a6 17. Nc7+ Kd7 $17 {[%csl Rc7]}) 16... Qf5 $8 17. Re1
Qxf4 18. Qd4 Bg7 19. Bd3 Qe5 $15) 15... Rg8 16. Ne4 $14) 15. Ne4 Qa5 16. Nxd6+
Bxd6 17. Qxd6 Qc7 18. Qxc7 Rxc7 19. fxe5 Rc5 20. Re1 Rg8 {[%cal Gg8g5]} 21. b4
$1 (21. h4 {1/2-1/2 Fressinet,L-Miroshnichenko,E/Paris FRA 2001/The Week in
Chess 351 (21)} Bc6 22. b4 Rc3 23. Rh3 Rxh3 24. gxh3 Rg1 $44 {[%csl Rh3,Rh4]})
21... Rd5 22. c4 Rd2 23. b5 $1 {[%csl Rd7][%cal Gd7c6,Gb5c6]} Ke7 24. g3 Rg4
25. Re3 $16 {[%cal Gf1e2]}) (13... f5 $6 14. e5 $1 e6 15. Be2 d5 16. g4 fxg4
17. Ne4 Qb4 18. Nf6+ Kd8 19. Nxd5 exd5 20. Qxd5 Rc7 21. Bxg4 $16 {1-0 Brustman,
A-Lendwai,R/Aschach 1997/CBM 63 ext (29)}) 14. Be2 ({Worth of attention} 14.
Qg3 Kf8 15. f5 h5 16. Qf3 Bc6 17. Bd3 e6 18. Qh3 e5 19. Qf3 a6 20. h4 Ke7 $14 {
and Black eventually equalized in the game 1/2-1/2 Svidler,P-Baklan,V/Istanbul
2000/EXT 2001 (26)}) 14... a6 (14... f5 {Ftacnik} 15. e5 Be6 16. exd6 exd6 17.
Nb5 $1 d5 18. c3 $16) 15. g4 f5 $1 {[%csl Rc3][%cal Gg7c3] Black opens a long
diagonal a1-h8 for his Bg7 and recieves perspective position. Ftacnik: 'Black
has to fight the threat of suffocation, bishop's pair is the strongest in the
open positions. '} 16. e5 {'!?' Ftacnik.} ({Or} 16. gxf5 Bxc3 17. Qxc3 Qxc3 18.
bxc3 Rxc3 19. Bd3 $132 Rg8 $11) 16... fxg4 17. Rhg1 h5 (17... f5 $2 {Ftacnik}
18. exf6 Bxf6 19. Ne4 $18) (17... Be6 {Ftacnik} 18. Bxg4 Bc4 19. Qe4 Rc6 20.
Bf5 Bf8 21. Na4 Qa5 22. exd6 e6 23. d7+ Kd8 24. Qd4 $18) 18. h3 Be6 $1 {
[%cal Ge6a2]} ({Dubious is} 18... Qa5 19. hxg4 h4 20. Bf3 Rd8 21. g5 (21. exd6
Be6 {[%cal Ge6a2,Gg7b2]} 22. f5 Rxd6 23. Qe4 Rxd1+ 24. Rxd1 Bxc3 25. fxe6 Bf6
26. exf7+ $16 {[%csl Re8]}) 21... dxe5 22. g6 f5 23. fxe5 e6 24. Bxb7 Bxe5 25.
Nd5 $1 $16 {[%cal Gg1e1]}) (18... Rd8 $5 {Ftacnik} 19. hxg4 h4 (19... dxe5 $2 {
Ftacnik} 20. gxh5 $16) 20. Ne4 (20. exd6 {Ftacnik} Bc6 $17) 20... Qb6 21. Qh3
dxe5 22. f5 Bc6 $15) 19. hxg4 h4 (19... Qa5 {Ftacnik} 20. gxh5 Bh6 21. Nd5 Bxd5
22. Qxd5 Qxd5 23. Rxd5 Bxf4 24. exd6 Bxd6 25. c4 $14) (19... dxe5 $2 {Ftacnik}
20. f5 Bc4 21. Qd7+ Kf8 22. Qd8+ $1 $18) 20. Qe4 $2 $17 {White puts mistake.} (
{Why not} 20. f5 $1 Bc4 21. Qxc4 Qxc4 22. Bxc4 Rxc4 23. exd6 Bxc3 24. bxc3 $11)
({Next variation shows, how strong black position is:} 20. exd6 exd6 21. Ne4
Qb6 22. Nxd6+ Kf8 23. b3 Rc3 24. Qd2 Bxb3 $1 $19) 20... Qb6 ({Black has great
advantage after} 20... dxe5 21. f5 Bc4 22. Bxc4 (22. g5 {Ftacnik} Bxe2 23. Qxe2
Qc4 24. Qd2 Qd4 25. Qg2 $36) 22... Qxc4 23. Qxb7 Qc6 24. Qxc6+ Rxc6 $17) 21.
Kc1 Rc5 $4 $16 {[%mdl 8192] Terrible mistake in very good position... '?'
Ftacnik. Ftacnik: 'Bad mistake in a sharp position, where two bishops and free
h pawn have promised good compensation for the white's initiative.'} ({Right
was} 21... dxe5 $1 22. fxe5 (22. f5 Bd7 23. g5 (23. Bf3 {Ftacnik} e6 $17) 23...
h3 (23... Qc6 $1 $17 {Ftacnik}) 24. g6 h2 25. gxf7+ Kf8 26. Rh1 Bc6 27. Nd5 Qf2
$17 {[%cal Gh8h4]}) 22... Qc5 $17 {[%csl Re5]} (22... h3 $17 {Ftacnik})) 22.
Na4 Qa5 23. Nxc5 Qxc5 24. f5 (24. exd6 {Ftacnik} Qb6 25. c3 exd6 26. Bc4 (26.
f5 {Ftacnik} d5 27. Qf3 Bd7 28. Rge1 $18) 26... Kd7 27. Bxe6+ fxe6 28. Rge1 $18
) 24... Bxa2 25. f6 {'!' Ftacnik. Ftacnik: 'Converting the advantage is simple,
black has not a slightest chance to survive.'} (25. exd6 $18) 25... Bf8 26.
Qa4+ b5 27. Qxa2 Qe3+ 28. Kb1 1-0

[Event "Governor's Cup"]
[Site "Kramatorsk"]
[Date "2001.10.04"]
[Round "5"]
[White "Ponomariov, Ruslan"]
[Black "Moiseenko, Alexander"]
[Result "1-0"]
[WhiteElo "2684"]
[BlackElo "2581"]
[Annotator "Hecht,H"]
[PlyCount "101"]
[EventDate "2001.10.02"]
[EventType "tourn"]
[EventRounds "10"]
[EventCountry "UKR"]
[EventCategory "15"]
[SourceTitle "CBM 086"]
[Source "ChessBase"]
[SourceDate "2002.02.05"]
[SourceVersion "1"]
[SourceVersionDate "2002.02.05"]
[SourceQuality "1"]

1. e4 c5 2. Nc3 Nc6 3. Nge2 d6 4. d4 cxd4 5. Nxd4 e5 6. Nxc6 bxc6 7. Bc4 Nf6 8.
Bg5 Be7 9. Qd3 O-O 10. O-O-O Be6 11. Bxf6 gxf6 12. f4 Kh8 13. Rhf1 Rb8 14. f5
Bxc4 15. Qxc4 Qb6 16. b3 a5 17. Rf3 Rbc8 18. Na4 Qb4 19. Qxb4 axb4 20. Nb6 Rc7
21. c3 Rg8 22. Rg3 Rxg3 23. hxg3 bxc3 24. Rd3 Rb7 25. Nc8 Bf8 26. Rxc3 d5 27.
Rxc6 dxe4 28. Nb6 Kg7 29. Nd5 Kh6 30. Nxf6 Ba3+ 31. Kd2 Kg5 32. Nxe4+ Kxf5 33.
Rc4 Be7 34. g4+ Ke6 35. Kc2 Rb8 36. a4 Bb4 37. Kd3 Rd8+ 38. Ke3 Rb8 39. Kd3
Rd8+ 40. Kc2 Rb8 41. Nc5+ Bxc5 42. Rxc5 {[#] verbundene Freibauern beiderseits}
Rg8 43. Rc4 h5 44. gxh5 Rxg2+ 45. Kc3 Rh2 46. a5 Rxh5 47. a6 Rh8 (47... f5 48.
Rc8 Rh7 49. b4 Kd6 50. Kc4 (50. b5 Rc7+ 51. Rxc7 Kxc7 52. a7 Kb7 53. b6 f4 $11)
50... Rc7+ (50... f4 51. b5 f3 52. b6 f2 53. Rf8 Rh4+ 54. Kd3 Kc6 55. Rf6+ $18)
51. Rxc7 Kxc7 52. Kc5 f4 53. b5 f3 54. b6+ Kd7 55. a7 f2 56. a8=Q f1=Q 57. Qd5+
Kc8 58. Qc6+ Kd8 59. Qc7+ Ke8 60. Qxe5+ Kd7 61. Qd6+ Ke8 62. b7 $18 Qc1+ 63.
Kb6 Qb1+ 64. Kc6 Qh1+ 65. Qd5 Qh6+ 66. Kc5 Qe3+ 67. Kb5 Qe2+ 68. Kb6 Qe3+ 69.
Qc5 $18 {[%csl Yb5,Yc6,Re8]}) 48. b4 Ra8 49. b5 f5 50. b6 $1 Rxa6 51. b7 1-0

[Event "Governor's Cup"]
[Site "Kramatorsk"]
[Date "2001.10.06"]
[Round "9"]
[White "Moiseenko, Alexander"]
[Black "Ponomariov, Ruslan"]
[Result "0-1"]
[WhiteElo "2581"]
[BlackElo "2684"]
[Annotator "Hazai,L"]
[PlyCount "88"]
[EventDate "2001.10.02"]
[EventType "tourn"]
[EventRounds "10"]
[EventCountry "UKR"]
[EventCategory "15"]
[SourceTitle "CBM 086"]
[Source "ChessBase"]
[SourceDate "2002.02.05"]
[SourceVersion "1"]
[SourceVersionDate "2002.02.05"]
[SourceQuality "1"]

1. d4 Nf6 2. c4 g6 3. Nc3 Bg7 4. e4 O-O 5. Nge2 c6 6. Ng3 d6 7. Bd3 (7. Be2)
7... Nbd7 8. O-O e5 9. d5 cxd5 10. cxd5 {This may also arise via 4...d6 5.Bd3
0-0 6.Nge2 c6 7.0-0 e5 8.d5 cxd5 9.cxd5 Nbd7 10.Ng3} a6 (10... Nc5 11. Bc2 a5 (
11... Bd7 {allows} 12. b4 {and the N is passive on the edge of the board.} Na6
13. a3 Rc8 14. Bd2 Ng4 15. h3 Nh6 16. Rc1 f5 {The white N is not doing much on
g3, but against f5 he stands on the ideal square.} 17. exf5 gxf5 18. Nh5 $14 {
Kekelidze-Kottke, Boeblingen 1996}) 12. Rb1 Bd7 13. a3 {/\ b4} Ne8 (13... a4
14. Be3 Qa5 (14... b5 15. f3 Qa5 16. Na2 {/\ Nb4 >< c6}) 15. h3 {White
sometimes can change the course of the game and open lines on the >> by f2-f4.}
h5 (15... Rac8 $5 16. Qd2 Rfe8 17. f4 exf4 18. Bxf4 $36 {>< d6}) 16. Kh1 (16.
Qd2 Rac8 17. f4 exf4 18. Bxf4 Rfe8 19. Bh6 (19. Bxd6 $6 {falls into the trap
after} Ncxe4 $1) 19... Bh8 20. Qf4 $40) 16... b5 17. f4 h4 18. fxe5 $16 (18.
Nf5 $4 {This is hard to understand.} gxf5 19. exf5 e4 $19 {Hawelko-Sznapik,
Polanica Zdroj 1984})) 14. b4 axb4 15. axb4 Na6 16. Bd2 {White wants to react
on f5 by exf5 and f4, but the c3 N has to be defended.} (16. Be3 f5 17. exf5
gxf5) 16... h5 (16... f5 17. exf5 gxf5 18. Nh5 Bh8 19. f4 $14) 17. Ba4 Rc8 (
17... Bxa4 18. Nxa4 h4 19. Ne2 f5 20. exf5 gxf5 21. f4 e4 22. Be3 $14 {
invading >< d4.}) 18. Bxd7 Qxd7 19. Na4 $1 (19. Qa4 Qe7 {Black certainly wants
to avoid the _|_.} 20. Rbc1 h4 21. Nge2 f5 22. f3 Bf6 $13 {/\ Bg5,
Semkov-Siepelt, Wuerzburg 1991.}) 19... Qb5 20. Be3 $14) (10... Ne8 11. Be3 Nc5
12. Bc2 f5 13. exf5 gxf5 $1 {is again met by the standard} 14. f4 e4 {This
allows White to conquer >< d4.} 15. Bd4 {White has to keep control over >< d4
and e3.} Nf6 16. b4 Na6 17. a3 $14 {Hebden-Djurhuus, Gausdal 1987}) 11. b4 (11.
Bd2 h5 {This is the point of Black's counterplay.} ({playing on the << by} 
11... b5 $6 {is a wrong strategy because of} 12. b4 $16 {/\ a4}) 12. h3 Nh7 13.
Rb1 Ndf6 {/\ h4, Nh5 with some pressure on the dark squares.} (13... h4 14.
Nge2 f5 15. exf5 gxf5 16. f4 e4 17. Bc2 b5 18. Be3 b4 19. Na4 $14) (13... Bf6
$5 {/\ Bg5 deserves attention, as we will see it later.}) 14. Be3 h4 15. Nge2
Nh5 16. Qd2 (16. Na4 f5 17. exf5 Bxf5 18. Nb6 Rb8 $13) 16... Bd7 (16... f5 17.
exf5 gxf5 18. f4 e4 19. Bc2 $14) 17. b4 f5 18. exf5 gxf5 19. f4 e4 20. Bc2 Rc8
21. Rfc1 Kh8 22. Bb3 $14 {Pinter-Kozul, Pula 1999}) (11. a4 h5 12. Bg5 {
This only helps Black to realize his plan.} (12. h3 $5) 12... Qe8 {Here we see
the bright side of a6 against Nb5.} 13. f3 Nh7 14. Be3 h4 (14... Qe7 $5 {
/\ Bf6-g5 is a good positional plan to keep control over the dark squares.})
15. Nge2 (15. Nh1 {This is a bit sophysticated.} f5 16. Nf2 Ndf6 17. a5 Nh5
$132 {Lida Garcia-Llanos, Buenos Aires 1996}) 15... f5 16. exf5 gxf5 17. f4 $14
) (11. h3 h5 12. Bg5 {This is again running into} Qe8 {/\ Nh7} 13. Qd2 Nh7 14.
Be3 Qe7 15. Rae1 Bf6 16. Rc1 Bg5 $132 {and the exchange of the dark-squared B
is favourable for Black, Pinter-Poldauf, Dortmund 1998.}) 11... h5 (11... a5 $6
{Black is playing on the wrong flank weakening only his own position.} 12. Ba3
axb4 13. Bxb4 Ne8 14. Qe2 h5 15. Rfc1 h4 16. Nf1 Bh6 17. Rc2 Ndf6 18. Bb5 $14 {
and the white pieces are very active on the <<, Efimov-Berthelot, France 1999.}
) 12. Bg5 (12. h3 Nh7 13. Be3 {is again met by the typical} Bf6 {/\ Bg5} (13...
Ndf6 {/\ h4, Nh5 is the other major plan.})) 12... Qe8 13. Qd2 Nh7 14. Be3 (14.
Bh6 $6 {exchanging the good B deliberately is against the rules.} Bxh6 15. Qxh6
Qe7) 14... Ndf6 {/\ h4, Nh5} (14... Qe7 {/\ Bf6-g5 deserved attention.}) 15. h3
h4 16. Nge2 Nh5 17. Rac1 (17. a4 {is the other method to continue the advance
on the <<.} f5 18. exf5 gxf5 19. f4 $14) 17... Bd7 ({The immediate} 17... f5 {
is always countered by} 18. exf5 gxf5 19. f4 $14) (17... Kh8 18. b5 $14) 18.
Bb1 $6 {The B is simply worse here than on d3!} (18. a4 {was an interesting
positional P sacrifice, for example:} Bxa4 (18... f5 19. exf5 gxf5 20. f4 $14)
19. Nxa4 Qxa4 20. Rc7 Rfb8 21. Rfc1 $44) (18. b5 {is less impressive because of
} axb5 19. Rb1 f5 20. exf5 gxf5 21. f4 exf4 $1 {and the N on c3 is hanging.})
18... Kh8 {Black has still some preparatory moves.} (18... f5 {is still
premature in view of the typical} 19. exf5 gxf5 20. f4) 19. Kh2 {White cannot
find a healthy move to improve his position. He is only waiting on f5.} f5 20.
exf5 gxf5 21. f4 Rg8 22. fxe5 (22. Rf3) 22... Bxe5+ {Now we see the problems
caused by the K move.} 23. Nf4 N7f6 24. Kg1 Rg7 25. Rf2 (25. Nce2 Ne4 26. Bxe4
fxe4) 25... Ng3 {The black pieces invade the weakened squares.} 26. Bd4 Nfh5
27. Bxe5 (27. Re1 {may lead to interesting complications, for example:} Nxf4 (
27... Bxd4 $2 28. Rxe8+ Rxe8 29. Nxh5 $16) 28. Rxf4 Bxf4 $1 {This is the point!
} 29. Rxe8+ Rxe8 30. Qxf4 (30. Qf2 $2 Be5 $17) 30... Re1+ 31. Kf2 Rf1+ 32. Ke3
Rxf4 33. Bxg7+ Kxg7 34. Kxf4 Kf6 $15) 27... dxe5 28. Ne6 Bxe6 29. Qh6+ Kg8 30.
Qxe6+ Qxe6 31. dxe6 Nf4 {The _|_ looks better for Black mainly because of his
active pieces.} 32. Re1 Rc8 33. Na4 (33. Rxf4 {is a try to take the |^, but an
exchange is a heavy price for that.} exf4 (33... Rxc3 34. Rxh4) 34. Nd5 Ne4 35.
Bxe4 fxe4 36. Rxe4 (36. Nxf4 Rc4 $17) 36... f3 $17) 33... Nxe6 34. Bxf5 Nxf5
35. Rxf5 Rc2 36. Rf2 Rxf2 37. Kxf2 Nf4 38. Rg1 {This looks rather passive.} (
38. Kf3 Rg3+ 39. Ke4 Nxg2 $17 {wins the P, but White has at least some
activity.}) 38... Rg3 39. Nc5 Kg7 40. Nxb7 (40. a4) 40... e4 {The o^ e will
decide the game, White's pieces lack any of harmony.} 41. Nc5 e3+ 42. Kf1 {
The R on g1 is pathetic.} Rg6 43. a4 Rd6 44. Ke1 Rd2 0-1

[Event "Governor's Cup"]
[Site "Kramatorsk"]
[Date "2001.10.07"]
[Round "10"]
[White "Ponomariov, Ruslan"]
[Black "Aleksandrov, Aleksej"]
[Result "0-1"]
[WhiteElo "2684"]
[BlackElo "2646"]
[Annotator "Hecht,H"]
[PlyCount "146"]
[EventDate "2001.10.02"]
[EventType "tourn"]
[EventRounds "10"]
[EventCountry "UKR"]
[EventCategory "15"]
[SourceTitle "CBM 086"]
[Source "ChessBase"]
[SourceDate "2002.02.05"]
[SourceVersion "1"]
[SourceVersionDate "2002.02.05"]
[SourceQuality "1"]

1. e4 e5 2. Nf3 Nc6 3. Bb5 Nf6 4. O-O Nxe4 5. d4 Nd6 6. Bxc6 dxc6 7. dxe5 Nf5
8. Qxd8+ Kxd8 9. Nc3 Ke8 10. h3 a5 11. Ne2 a4 12. a3 Ne7 13. Ng3 c5 14. Re1 h6
15. Nh5 Bf5 16. c3 Nd5 17. g4 Be6 18. Nh4 g6 19. Nf6+ Nxf6 20. exf6 Kd7 21. Nf3
Re8 22. Bf4 Bd6 23. Rad1 Bb3 24. Rd2 g5 25. Bg3 Rxe1+ 26. Nxe1 Ke6 27. Ng2 Bxg3
28. fxg3 Kxf6 29. Ne3 Rc8 30. Nf5 Be6 31. Rf2 Rd8 32. Nxh6+ Kg6 33. Nf5 Rd1+
34. Kh2 Re1 35. Ne7+ Kh7 36. Rd2 Bxg4 37. hxg4 Rxe7 {[#] Lavieren und
feldweises Erkämpfen von Raum. Zugzwangmotive, schlechte weiße Bauernstruktur
und der ideelle Mehrbauer führen schließlich zu entscheidendem Bauerngewinn.}
38. Kg2 Kg6 39. Kf2 Re6 40. Kf3 (40. Rd7 $142 Rb6 41. Rxc7 Rxb2+ 42. Kf3 Rb3
43. Rxc5 Rxa3 44. Ke4 Rb3 $19 {[%csl Rg3,Rg4][%cal Yb7b5,Yb5b4,Yb3g3]}) 40...
Rd6 41. Re2 Rd3+ 42. Kf2 Kf6 43. Kg2 Rd6 44. Kf3 b6 45. Kf2 Re6 46. Rd2 Rd6 47.
Re2 Re6 48. Rd2 Ke7 49. Kf3 Rd6 50. Rg2 Ke6 {[%cal Re6d5,Rd5c4,Rc4b3]} 51. Ke4
Rd1 52. Re2 f6 53. Rg2 Re1+ 54. Kd3 Ke5 {[%cal Re1e4,Re4g4]} 55. Rf2 Rg1 56.
Re2+ Kd6 57. Re3 Rg2 58. Rf3 Ke6 59. Re3+ Kf7 {Am Ziel. Weiß ist ausgespielt
und versucht in der Folge unter radikalem Einsatz von König und Turm noch zu
Dauerschach oder gar Matt zu kommen.} 60. Kc4 Rxb2 61. Kd5 Rb3 62. Kc6 Rxa3 63.
Kd7 b5 64. Re7+ Kg6 65. Ke8 Rxc3 66. Kf8 {[%cal Rf8g8,Re7g7]} Rd3 $1 (66...
Rxg3 $2 67. Rg7+ $1 (67. Kg8 Rxg4 $19) 67... Kh6 68. Kf7 Rxg4 69. Rg8 $1 Kh7
70. Rg7+ Kh6 71. Rg8 $11) (66... f5 $2 67. Re6+ Kh7 68. Re7+ $11 Kh8 $4 69. Re2
Kh7 70. Kf7 $18) 67. Rg7+ Kh6 68. Rxc7 a3 69. Kf7 a2 70. Ra7 Rd7+ (70... Rd2
71. Ra8 Kh7 72. Kxf6 b4 73. Ra7+ (73. Kxg5 b3 $19) 73... Kh6 74. Ra8 Rf2+ $19)
71. Rxd7 a1=Q 72. Rd2 Qa7+ 73. Kxf6 Qg7+ 0-1

[Event "FIDE-Wch k.o."]
[Site "Moscow"]
[Date "2001.11.27"]
[Round "1.1"]
[White "Ponomariov, Ruslan"]
[Black "Li, Wenliang"]
[Result "1-0"]
[WhiteElo "2684"]
[BlackElo "2511"]
[Annotator "Lukacs,P"]
[PlyCount "91"]
[EventDate "2001.11.27"]
[EventType "k.o."]
[EventRounds "7"]
[EventCountry "RUS"]
[SourceTitle "CBM 086"]
[Source "ChessBase"]
[SourceDate "2002.02.05"]
[SourceVersion "1"]
[SourceVersionDate "2002.02.05"]
[SourceQuality "1"]

1. e4 c6 2. d4 d5 3. Nc3 dxe4 4. Nxe4 Bf5 5. Ng3 Bg6 6. h4 h6 7. Nf3 Nd7 8. h5
Bh7 9. Bd3 Bxd3 10. Qxd3 Qc7 11. Bd2 e6 12. O-O-O Ngf6 13. Kb1 {This quiet
prophylactical move improves the K's position leaving the c <-> and the c1-h6 /
^. The real main lines however are:} (13. Ne4 O-O-O 14. g3 (14. Nxf6 $6 {
Leko-Anand, Leon Man+Comp Leon 2001 CBM 84}) 14... Nxe4 (14... Nc5 {Kir.
Georgiev-Nisipeanu,FIDE-Wch k.o. New Delhi 2000 CBM 81}) 15. Qxe4 {-
Kuczynski-Piket, EU-ch 2nd Ohrid 2001 CBM 84}) ({and} 13. Qe2 {- Rabiega-Piket,
BL 2001 CBM 82}) 13... Bd6 14. Ne4 Bf4 {It is useful for Black to exchange the
bishops, but here it doesn't work.} (14... Nxe4 15. Qxe4 Nf6 16. Qe2 Bf4 17.
Be1 $5 {as in the game deserves attention.} (17. c4 Bxd2 18. Rxd2 O-O-O 19. Ne5
c5 {The mass exchanges on the d <-> usually minimize White's _|_ advantage.}
20. Rhd1 cxd4 21. f4 d3 22. Rxd3 Rxd3 23. Rxd3 Rd8 24. g4 Rxd3 25. Qxd3 Nd7 26.
Nxd7 Qxd7 $11 {Kim-Abramov, Nizhnij Novgorod 1999}) (17. Ne5 Bxe5 18. dxe5 Nd7
19. Qg4 Rh7 20. Qe4 Rh8 21. f4 O-O-O 22. Qa4 Kb8 23. Be3 Nb6 24. Qa3 Rxd1+ 25.
Rxd1 Rd8 26. Rd6 Nc8 $11 {Sax-Warren, Illinois 1993}) 17... O-O-O 18. g3 Bd6
19. c4 c5 20. Bc3 {may lead to similar positions to the main line.}) 15. Be1 $1
{[%mdl 32] This is an unusual method to avoid the exchanger of bishops, and
White can transpose to the main line, if Black doesn't care.} (15. Nxf6+ gxf6
16. g3 Bxd2 17. Qxd2 O-O-O {This P structure is not worse for Black, as
practice indicates.} 18. Qe3 Nb6 19. Nd2 f5 20. Nf3 Nd5 21. Qc1 Nf6 $15 {
and in the _|_ >< h5 can also be a target, Suurkaev-Rytov, Tartu 1972.}) 15...
O-O-O (15... Nxe4 16. Qxe4 Nf6 17. Qe2 O-O-O 18. g3 Bd6 19. c4 c5 20. Bc3 {
is even slightly better than the text, because the Q's position is improved.})
16. Nxf6 (16. g3 Ne5 $1) 16... Nxf6 17. g3 Bd6 18. c4 c5 19. Bc3 cxd4 20. Nxd4
a6 21. Qe2 Kb8 (21... Rd7 $5 {/\ Rad8 with pressure on the d <-> comes always
into consideration.}) 22. Nf3 {The N's best place is usually on e5.} (22. Nb3
$14) 22... Ka8 {Now the K is far from any tactical assaults, but this costs
some tempi.} 23. Ne5 Bxe5 {Soon or later Black has to eliminate the N, it is
simply too strong on e5.} (23... Rhf8 24. g4 $14) 24. Bxe5 Qc6 {Black's
counterchances are on the weakened h1-a8 /^.} 25. Rxd8+ Rxd8 26. Re1 {White
has certainly only a slightly better position because the black heavy
artillery is active.} Qg2 (26... Qc5 27. g4 {/\ f4 with further advance on the
>>, where >< g7 and h6 are fixed on the colour of the B.} Rc8 28. b3 Rd8 29. f4
$14) (26... Qd7 27. g4 Qd2 (27... Qd3+ $2 {allows White's breakthrough on the
>> after} 28. Qxd3 Rxd3 29. g5 $1 Nxh5 (29... hxg5 30. h6 $1 {is the point!})
30. Rh1 f6 31. Bc7 $18) 28. f3 Qxe2 29. Rxe2 Rd3 30. Rf2 Ne8 31. Kc2 Rd8 32.
Rd2 Rxd2+ 33. Kxd2 $14 {is the maximum White can get from the opening
exchanging Black's active Q and R.}) 27. Bxf6 gxf6 28. Qe3 {In the _|_ there
remain still a target for White, the >< h6.} f5 29. a3 {White first secures
the position of his K.} Rd7 (29... Qc6 30. Qxh6 Qxc4 31. Qe3 $14 {with a
remote o^ on h5.}) 30. Ka1 Rd8 (30... Qc6 31. Qxh6 Qxc4 32. Rc1 $16) 31. Rc1 {
/\ c5 advancing on the <<, after which the black K may feel himself
uncomfortably.} Rh8 (31... Qh2 $6 32. c5 Qxh5 33. c6 $1) 32. c5 $1 Qe4 (32...
Rc8 33. Rd1 $14) 33. Qd2 f4 $2 {This P sacrifice is completely unnecessary.} (
33... Qc6 34. Qd4 Rc8 35. Qe3 $14) 34. gxf4 $1 (34. Qxf4 Qxf4 35. gxf4 Rd8)
34... Rb8 {Black has lost the thread completely.} 35. Qd6 Qc6 36. Qxc6 bxc6 37.
Rd1 $18 {White is a P up in the R _|_ and first penetrates on the opened d <->.
} Rg8 {Black has to find an active counterplay, otherwise he loses without a
fight.} 38. Rd7 Rg1+ 39. Ka2 Rh1 40. b4 $1 {White wants to bring his K into
action, the pawns on the >> are not so important. Black's K is cut off on the
8-th rank, which is fatal for him.} (40. Rxf7 Rxh5 41. Rf6 Rxc5 42. Rxh6 Rf5
43. Rxe6 Rxf4 44. Re2 $16) 40... Rxh5 (40... Rh3 {cuts off the K, but loses
all the >> pawns.} 41. Rxf7 Rf3 42. Rf6 $18) 41. Kb3 $1 {/\ Ka4-a5 with a
winning march of the K.} Rh3+ (41... Rf5 42. Ka4 $1 {White has found already
his target on the <<, the pawns on the other flank are not important anymore.}
Rxf4 43. Ka5 Kb8 (43... Rxf2 $2 44. Kb6) 44. Kb6 $1 {Total domination!} Kc8 45.
Kxc6 e5 (45... Rxf2 46. Ra7) 46. Rc7+ Kd8 (46... Kb8 47. Kb6 $18) 47. Ra7 Rxf2
48. Kd6 $18) 42. Ka4 $1 Kb8 43. Rxf7 Kc8 44. Ka5 $1 {and the K finally has
arrived.} Kd8 (44... Rxa3+ 45. Kb6 $18) 45. a4 Rf3 46. Kxa6 1-0